000 00302nam a22001331a 4500
082 _aS 294.5921
_bPUR
245 _aPurusharthvyavastha/
260 _aMumbai:
_bGoswami Shyammanohar,
_c2012.
300 _a401p.
650 _aVedic Literature
650 _aHinduism
650 _aReligion
942 _cBK
999 _c36612
_d36612